| 000 | 00850nam a2200265 4500 | ||
|---|---|---|---|
| 003 | OSt | ||
| 005 | 20260601193847.0 | ||
| 008 | 260505b1977 sp |||| |||| 00| 0 spa d | ||
| 020 | _a8425206928 | ||
| 040 |
_aICI _bspa _cICI |
||
| 041 | _aspa | ||
| 050 |
_aHF6161.C5 _bM3918 |
||
| 100 |
_aMarmori, Giancarlo, _eautor _931628 |
||
| 245 | 1 |
_aIconografía femenina y publicidad / _cGiancarlo Marmori ; version castellana de Carlos Gómez González |
|
| 264 |
_aBarcelona : _bGustavo Gili, _c1977 |
||
| 300 | _a117 páginas | ||
| 336 |
_atexto _2rdacontent |
||
| 337 |
_asin medio _2rdamedia |
||
| 338 |
_avolumen _2rdacarrier |
||
| 490 | _aColección punto y línea | ||
| 502 | _aTraducción de : Senso e anagramma | ||
| 650 |
_aPublicidad _xRopa y vestidos. _931629 |
||
| 700 |
_aGómez González, Carlos, _etraductor _931630 |
||
| 942 |
_2lcc _cB _n1 |
||
| 999 |
_c21688 _d21688 |
||